1277 1026 1963 1965 1470 1861 1219 1385 1242 1133 1073 1611 1405 1952 1631 1932 1219 1155 1371 1610 1323 1682 1834 1966 1586 1648 1271 1448 1070 1803 1918 1610 1693 1319 1886 1905 1400 1752 1652 1309 1817 1897 1217 1765 1745 1989 1302 1799 1364 1058 1047 1458 1548 1682 1928 1438 1950 1833 1680 1453 1165 1086 1039 1462 1003 1653 1484 1499 1320 1232 1172 1994 1006 1287 1423 1110 1181 1055 1082 1624 1039 1137 1387 1555 1817 1956 1458 1110 1775 1150 1137 1787 1457 1539 1361 1626 1440 1924 1400 BCNSPRNW ULIB Ver.6.0+V

เปลี่ยนเป็นภาษาไทย

Change to English
 แสดงรายละเอียดบรรณานุกรม
  กลับหน้าหลัก

Brief Record : Get Marc (ISO 2709) : E-mail record : QR code < ปิดหน้าต่าง
LEADER : 00000nam 2200000uu 4500
001    13399107740
003     ULIB
008    110201s2553||||th 000 0 tha d
020    ^a9786165070157
060  4 ^aWK810^bก152ก
100 0  ^aกรณ์กาญจน์ ภมรประวัติธนะ
245 10 ^aกินอย่างไรไกลเบาหวาน^cกรณ์กาญจน์ ภมรประวัติธนะ.
260    ^aกรุงเทพฯ :^bหมอชาวบ้าน,^c2553.
300    ^a32 หน้า,:^bภาพประกอบ.
650  7 ^aพืชสมุนไพร
650  7 ^aโรคเบาหวาน^xแง่โภชนาการ
945    ^p55^l0^i029584
945    ^p55^l0^i029583
945    ^p55^l0^i029582
945    ^p55^l0^i029581
945    ^p55^l0^i029585
945    ^p55^l0^i029580
995    เกษร
999 ^a ใช้งานได้ทุกระบบ
รายการนี้ยังไม่มีแท็ก
คุณยังไม่ได้ล็อกอิน คุณสามารถมีกิจกรรมร่วมกับเว็บไซต์ได้ แต่ต้องล็อกอินก่อน ::
  ล็อกอิน

รายการสื่อสารสนเทศ

ลำดับที่ ประเภท เลขเรียก/บาร์โค้ด สถานที่ สถานะ
1. วิทยาศาสตร์การแพทย์ และสุขภาพ
หนังสือสำรอง
สถานะ=หนังสือสำรอง
WK810 ก152ก ฉ.1 
  Barcode: 029580
ห้องสมุดวิทยาเขตสวรรค์ประชารักษ์
►ส่วนจัดเก็บหนังสือเก่า สปร
บนชั้น
  ขอยืม
2. วิทยาศาสตร์การแพทย์ และสุขภาพ
วิทยาศาสตร์การแพทย์ และสุขภาพ
WK810 ก152ก ฉ.2 
  Barcode: 029581
ห้องสมุดวิทยาเขตสวรรค์ประชารักษ์
►ส่วนจัดเก็บหนังสือเก่า สปร
บนชั้น
  ขอยืม
3. วิทยาศาสตร์การแพทย์ และสุขภาพ
วิทยาศาสตร์การแพทย์ และสุขภาพ
WK810 ก152ก ฉ.4 
  Barcode: 029583
ห้องสมุดวิทยาเขตสวรรค์ประชารักษ์
►ส่วนจัดเก็บหนังสือเก่า สปร
บนชั้น
  ขอยืม
4. วิทยาศาสตร์การแพทย์ และสุขภาพ
วิทยาศาสตร์การแพทย์ และสุขภาพ
WK810 ก152ก ฉ.5 
  Barcode: 029584
ห้องสมุดวิทยาเขตสวรรค์ประชารักษ์
►ส่วนจัดเก็บหนังสือเก่า สปร
บนชั้น
  ขอยืม
5. วิทยาศาสตร์การแพทย์ และสุขภาพ
วิทยาศาสตร์การแพทย์ และสุขภาพ
WK810 ก152ก ฉ.6 
  Barcode: 029585
ห้องสมุดวิทยาเขตสวรรค์ประชารักษ์
►ส่วนจัดเก็บหนังสือเก่า สปร
บนชั้น
  ขอยืม

รายการใกล้เคียง
    หัวเรื่อง [พืชสมุนไพร]

BibComment


ยังไม่เคยถูกคอมเมนท์

คอมเมนท์ทรัพยากรรายการนี้
  คอมเมนท์: กินอย่างไรไกลเบา..


 Copyright 2026. Bcnsprnw @Library